| 000 | 00365 a2200157 4500 | ||
|---|---|---|---|
| 001 | 152974 | ||
| 040 | _cEscola São Tomás de Aquino | ||
| 100 | _aCOLASANTI, Marina | ||
| 240 | 1 | 0 |
_aAntes de virar gigante _lpor |
| 245 | 1 | 0 | _aAntes de virar gigante |
| 300 | _a104 | ||
| 362 | 0 | _a2014 | |
| 440 | 1 | _aÁtica | |
| 697 | _a*LITERATURA INFANTO JUVENIL | ||
| 942 | _cBK | ||
| 999 |
_c152974 _d152974 |
||